Hodinári so zlatníckou dušou

Dvaja zruční majstri zlatníci Michal Molnár a Igor Fábry sa dali na výrobu unikátnych hodiniek dnes už známych medzi zberateľmi na celom svete. Ich výrobky sú prepracované kúsky, ktoré nesú nielen hodnotu kovu ale aj vysokého remeselného umenia a majú punc jedinečnosti. Spoločná remeselnícka históri...

Ausführliche Beschreibung

Gespeichert in:
Bibliographische Detailangaben
1. Verfasser: Jurinová, Martina
Format: Buchkapitel
Sprache:Slowakisch
Schlagworte:
Tags: Tag hinzufügen
Keine Tags, Fügen Sie das erste Tag hinzu!

MARC

LEADER 00000naa a2200000 4500
001 0225268
005 20231013092027.0
041 0 |a slo 
044 |a SK 
245 1 0 |a Hodinári so zlatníckou dušou  |c Martina Jurinová 
520 |a Dvaja zruční majstri zlatníci Michal Molnár a Igor Fábry sa dali na výrobu unikátnych hodiniek dnes už známych medzi zberateľmi na celom svete. Ich výrobky sú prepracované kúsky, ktoré nesú nielen hodnotu kovu ale aj vysokého remeselného umenia a majú punc jedinečnosti. Spoločná remeselnícka história sa začala v roku 2005. 
610 2 0 |a podnikanie 
610 2 0 |a podnikatelia 
610 2 0 |a remeslá 
610 2 0 |a investície 
610 2 0 |a výroba 
100 1 |a Jurinová, Martina